000 00668nam#a22002655ar4500
001 459
008 061117s1956####ag#a###g######001#0#spa#d
245 1 0 _aPlantas Utiles al hombre :
_b(Botánica económica) /
_cRobert W. Schery.
250 _a1ª ed.
260 _aBuenos Aires :
_bSalvat Editores,
_c1956.
300 _a756 p. :
_bil. ;
_c15 cm.
490 0 _aColección Agrícola
100 1 _aSchery, Robert W.
080 _a630*3
084 _aS31
653 _aAceites
653 _aGlúcidos
653 _aMadera
653 _aVegetales
653 _aBosques
040 _aAR-ClEAG
_cAR-ClEAG
005 20241107184636.0
003 AR-ClEAG
942 _cBK
999 _c459
_d459
980 _62
_aEvangelina Gallicchio
_82
_gEvangelina Gallicchio